Monopol a konkurence na železnici
Vznik a rozvoj železníc. História. Európska stratégia železničných reforiem. Príklad Švédska, Nórska, Veľkej Británie, Nemecka a Česka. Mimoeurópske skúsenosti. Európske chápanie konkurencieschopnosti na železniciach.
Gespeichert in:
| 1. Verfasser: | |
|---|---|
| Format: | Buchkapitel |
| Sprache: | Tschechisch |
| Schlagworte: | |
| Tags: |
Keine Tags, Fügen Sie das erste Tag hinzu!
|
MARC
| LEADER | 00000naa$a2200000$$$4500 | ||
|---|---|---|---|
| 001 | 0108801 | ||
| 005 | 20220713131152.9 | ||
| 041 | 0 | |a cze | |
| 044 | |a CZ | ||
| 245 | 1 | 0 | |a Monopol a konkurence na železnici |c Zdeněk Tomeš |
| 520 | |a Vznik a rozvoj železníc. História. Európska stratégia železničných reforiem. Príklad Švédska, Nórska, Veľkej Británie, Nemecka a Česka. Mimoeurópske skúsenosti. Európske chápanie konkurencieschopnosti na železniciach. | ||
| 610 | 2 | 0 | |a železnice |
| 610 | 2 | 0 | |a konkurencia |
| 610 | 2 | 0 | |a monopoly |
| 610 | 2 | 0 | |a Česko |
| 610 | 2 | 0 | |a Nemecko |
| 610 | 2 | 0 | |a Japonsko |
| 610 | 2 | 0 | |a politika dopravná |
| 610 | 2 | 0 | |a Švédsko |
| 610 | 2 | 0 | |a Veľká Británia |
| 100 | 1 | |a Tomeš, Zdeněk | |